[Event "LiSB-ch Veterans"]
[Site "Sittard"]
[Date "2003.11.30"]
[Round "3"]
[White "Sauer, Bob"]
[Black "De Wit, Gerrit"]
[Result "0-1"]
[WhiteElo "1709"]
[BlackElo "1740"]
[PlyCount "60"]
[EventDate "2003.11.29"]
[EventType "swiss"]
[EventRounds "5"]
[EventCountry "NED"]
[SourceTitle "EXT 2009"]
[Source "ChessBase"]
[SourceDate "2008.11.26"]
[SourceVersion "1"]
[SourceVersionDate "2008.11.26"]
[SourceQuality "1"]

1. e4 g6 2. Nf3 Bg7 3. Bc4 c6 4. c3 d5 5. exd5 cxd5 6. Bb5+ Nc6 7. d4 a6 8. Ba4 b5 9. Bc2 Nf6 10. h3 0-0 11. Bf4 Nh5 12. Bh2 f5 13. Qe2 Re8 14. Nbd2 b4 15. g4 fxg4 16. hxg4 bxc3 17. bxc3 Nf6 18. Ne5 Nxe5 19. Bxe5 Bxg4 20. f3 Bd7 21. Qh2 Nh5 22. Bxg7 Kxg7 23. Rg1 e5 24. Qxh5 exd4+ 25. Kf2 Qf6 26. Qxh7+ Kxh7 27. Bxg6+ Qxg6 28. Rxg6 Kxg6 29. cxd4 Bb5 30. Nb3 Re2+ 0-1